Medical first aid guide for use in accidents involving dangerous goods (MFAG) : chemicals supplement to the International medical guide for ships (IMGS). (Record no. 1617)

000 -LEADER
fixed length control field 00491nam a2200157Ia 4500
008 - FIXED-LENGTH DATA ELEMENTS--GENERAL INFORMATION
fixed length control field 191121s 1991 ||||xx |||||||||||||| ||und||
020 ## - INTERNATIONAL STANDARD BOOK NUMBER
International Standard Book Number 9280112694
082 ## - DEWEY DECIMAL CLASSIFICATION NUMBER
Classification number 616.0252
Item number IMO
100 ## - MAIN ENTRY--PERSONAL NAME
Personal name IMO
245 #0 - TITLE STATEMENT
Title Medical first aid guide for use in accidents involving dangerous goods (MFAG) : chemicals supplement to the International medical guide for ships (IMGS).
250 ## - EDITION STATEMENT
Edition statement 4th ed.
260 ## - PUBLICATION, DISTRIBUTION, ETC. (IMPRINT)
Place of publication, distribution, etc London
Name of publisher, distributor, etc IMO
Date of publication, distribution, etc London
260 ## - PUBLICATION, DISTRIBUTION, ETC. (IMPRINT)
Date of publication, distribution, etc 1991
300 ## - PHYSICAL DESCRIPTION
Extent vii, 171p.
942 ## - ADDED ENTRY ELEMENTS (KOHA)
Item type Books
Holdings
Withdrawn status Lost status Damaged status Not for loan Shelving location Date acquired Date last seen Koha item type Source of classification or shelving scheme Collection code Permanent location Current location Full call number Barcode Public note
          2019-11-21 2019-11-21 Books              
        General Stacks 2019-11-21 2025-03-17 Books   Non-fiction IMU-MPC Library IMU-MPC Library 616.0252 IMO LBS8473 Column-5
Copyright © 2021 Indian Maritime University, Mumbai Port Campus. All Rights Reserved. Managed & Maintained by Central Library, IMU-Mumbai

webs counters

Powered by Koha